1746 1969 1999 1254 1993 1511 1500 1558 1987 1478 1624 1577 1310 1250 1810 1857 1044 1165 1330 1290 1882 1021 1455 1261 1377 1063 1201 1160 1607 1184 1177 1973 1866 1264 1558 1519 1356 1822 1119 1251 1822 1498 1957 1534 1069 1981 1759 1468 1092 1822 1287 1090 1881 1454 1994 1497 1021 1839 1655 1542 1090 1971 1476 1475 1171 1219 1637 1102 1221 1517 1262 1030 1009 1262 1241 1387 1326 1182 1797 1371 1954 1427 1901 1106 1085 1336 1638 1633 1236 1310 1699 1810 1055 1827 1648 1820 1789 1191 1776 BCNSPRNW ULIB Ver.6.0+V

เปลี่ยนเป็นภาษาไทย

Change to English
 แสดงรายละเอียดบรรณานุกรม
  กลับหน้าหลัก

Brief Record : Get Marc (ISO 2709) : E-mail record : QR code < ปิดหน้าต่าง
LEADER : 00000nam 2200000uu 4500
001    13399127066
003     ULIB
008    020711s2559 th a 000 0 tha d
020    ^a9786162277641
060    ^aWS103^bต-ท
100    ^aตุ๊บปอง
245    ^aทำได้...อยู่ดี ชุดคำพ่อสอน
250    ^aพิมพ์ครั้งที่ 1
260    ^aกรุงเทพฯ :^bบริษัท แปลน ฟอร์ คิดส์ จำกัด,^c2559
300    ^a24 หน้า;^b21 ซม.
650    ^aเด็ก^xการเรียนการสอน
945    ^p95^l0^i006254
999    ^aประนอม เกษจรัล
รายการนี้ยังไม่มีแท็ก
คุณยังไม่ได้ล็อกอิน คุณสามารถมีกิจกรรมร่วมกับเว็บไซต์ได้ แต่ต้องล็อกอินก่อน ::
  ล็อกอิน

รายการสื่อสารสนเทศ

ลำดับที่ ประเภท เลขเรียก/บาร์โค้ด สถานที่ สถานะ
1. วิทยาศาสตร์การแพทย์ และสุขภาพ
วิทยาศาสตร์การแพทย์ และสุขภาพ
WS103 ต-ท ฉ.1 
  Barcode: 006254
ห้องสมุดวิทยาเขตสวรรค์ประชารักษ์
►หนังสือทั่วไป
ถูกยืม กำหนดส่งวันที่ 27 ธันวาคม 2564
  จอง

รายการใกล้เคียง
    ผู้แต่ง [ตุ๊บปอง]

BibComment


ยังไม่เคยถูกคอมเมนท์

คอมเมนท์ทรัพยากรรายการนี้
  คอมเมนท์: ทำได้อยู่ดี ชุดค..


 Copyright 2026. Bcnsprnw @Library